000 00709nam a22002297a 4500
005 20170124110048.0
010 _aA-249053
020 _c25.00
035 _aA-249053
037 _bCen Lib/Ret
040 _aDPL
_bEN
082 _a658
_bKEN
100 _aKen, N.K.
_924865
245 _aIndustrial organisation and management /
_cby N.K. Ken [and] S. Gopinadhan
260 _a Delhi
_bGeeta publishing house
_c1986-87
270 _b New Delhi
_a4694, Umrao street , Pahari dhiraji
_e110006
300 _avarious pagings
_c21cm(Hb)
650 _aHuman resource management
_99535
650 _aAccountings
_910020
700 _aGopinadhan, S.
_924866
942 _2ddc
_cEN
_h658
_mKEN
999 _c128930
_d128930